Normal view
MARC view
Entry Personal Name
001 - CONTROL NUMBER
- control field: 66758
003 - CONTROL NUMBER IDENTIFIER
- control field: dpl
005 - DATE AND TIME OF LATEST TRANSACTION
- control field: 20240522151434.0
008 - FIXED-LENGTH DATA ELEMENTS
- fixed length control field: 240522|| aca||aabn | a|a d
040 ## - CATALOGING SOURCE
- Original cataloging agency: dpl
- Transcribing agency: dpl
100 ## - HEADING--PERSONAL NAME
- Personal name: Edited by Banerjee, Swapna
670 ## - SOURCE DATA FOUND
- Source citation: Work cat.: (dpl)203176: A Discourse On Reprographic Right And Copyrights:, 2013
